Every Conn-Smythe Winners (NHL) - Statistics

General Stats
  • This quiz has been taken 18 times
  • The average score is 36 of 60
Answer Stats
Year Player % Correct
2011 Tim Thomas
100%
2018 Alex Ovechkin
94%
1977 Guy Lafleur
94%
1984 Mark Messier
94%
2017 Sydney Crosby
94%
2016 Sydney Crosby
94%
2021 Andrei Vasilevskiy
88%
1980 Bryan Trottier
88%
2024 Connor McDavid
88%
2012 Jonathan Quick
88%
1982 Mike Bossy
88%
2013 Patrick Kane
88%
1972 Bobby Orr
81%
1970 Bobby Orr
81%
1995 Claude Lemieux
81%
2010 Jonathan Toews
81%
1992 Mario Lemieux
81%
1991 Mario Lemieux
81%
2001 Patrick Roy
81%
1993 Patrick Roy
81%
1986 Patrick Roy
81%
2025 Sam Bennett
81%
1988 Wayne Gretzky
81%
2022 Cale Makar
75%
2015 Duncan Keith
75%
2003 Jean-Sebastien Giguere
75%
2020 Victor Hedman
75%
2009 Evgeni Malkin
69%
2008 Henrik Zetterberg
69%
1978 Larry Robinson
69%
2002 Nicklas Lidstrom
69%
2006 Cam Ward
63%
2023 Jonathan Marchessault
63%
2014 Justin Williams
63%
2019 Ryan O'Reilly
63%
1983 Billy Smith
56%
1999 Joe Nieuwendyk
56%
1996 Joe Sakic
56%
2000 Scott Stevens
56%
1998 Steve Yzerman
56%
1975 Bernie Parent
50%
1974 Bernie Parent
50%
2004 Brad Richards
50%
1971 Ken Dryden
50%
1989 Al MacInnis
44%
1965 Jean Béliveau
44%
1997 Mike Vernon
38%
1987 Ron Hextall
38%
1990 Bill Ranford
31%
1969 Serge Savard
31%
1994 Brian Leetch
25%
1976 Reggie Leach
19%
1973 Yvan Cournoyer
19%
1967 Dave Keon
13%
1981 Robert "Butch" Goring
13%
2007 Scott Niedermayer
13%
1968 Glenn Hall
6%
1979 Bob Gainey
0%
1966 Roger Crozier
0%
1985 Wayne Gretsky
0%
No matching quizzes found
Score Distribution
Percent of People with Each Score
Percentile by Number Answered
Your Score History
You have not taken this quiz